000
00323nam a2200133Ia 4500
005
20260328101448.0
008
260328s9999||||xx |||||||||||||| ||und||
100
_a
Krier, Rob
245
0
_a
Rob Krier - On Architecture /
_c
Rob Krier
260
_b
St. Martin's Press
300
_a
96 p.
650
_a
ARQUITECTOS
942
_c
BK
999
_c
8539
_d
8539